Group structure of gauge theories /

Bibliographic Details
Main Author: O'Raifeartaigh, L. (Lochlainn)
Format: Book
Language:English
Published: Cambridge [Cambridgeshire] ; New York : Cambridge University Press, 1986.
Series:Cambridge monographs on mathematical physics.
Subjects:

MARC

Tag First Indicator Second Indicator Subfields
LEADER 00000pam a2200000 a 4500
001 in00000417397
005 20151012060212.0
008 850401s1986 enka b 00110 eng
010 |a  85007828  
020 |a 0521252938 
035 |a (OCoLC)11969771 
035 |9 ABV2451AM 
040 |a DLC  |c DLC  |d TXA  |d UtOrBLW 
049 |a TXAM  |c [A09514702] 
050 0 0 |a QC793.3.F5  |b O69 1986 
082 0 |a 530.1/43  |2 19 
100 1 |a O'Raifeartaigh, L.  |q (Lochlainn) 
245 1 0 |a Group structure of gauge theories /  |c L. O'Raifeartaigh. 
264 1 |a Cambridge [Cambridgeshire] ;  |a New York :  |b Cambridge University Press,  |c 1986. 
300 |a ix, 172 pages :  |b illustrations ;  |c 24 cm. 
336 |a text  |b txt  |2 rdacontent 
337 |a unmediated  |b n  |2 rdamedia 
338 |a volume  |b nc  |2 rdacarrier 
490 1 |a Cambridge monographs on mathematical physics 
500 |a Includes index. 
504 |a Bibliography: pages 154-161. 
650 0 |a Gauge fields (Physics) 
650 0 |a Broken symmetry (Physics) 
650 0 |a Lie groups. 
830 0 |a Cambridge monographs on mathematical physics. 
999 |a MARS 
999 f f |s db0e92ba-012f-3642-8373-25f31f02cb98  |i 975b62f8-f543-3f50-a880-07e5261d24d1  |t 0 
952 f f |p normal  |a Texas A&M University  |b College Station  |c Sterling C. Evans Library  |d Evans: Library Stacks  |t 0  |e QC793.3.F5 O69 1986  |h Library of Congress classification  |i unmediated -- volume  |m A14809514702 
998 f f |a QC793.3.F5 O69 1986  |t 0  |l Evans: Library Stacks